000 008810000a22001330004500
773 0 _tPerfiles: revista de la comunidad académica UDES
100 1 _aGarcía, Saúl Ernesto
245 1 0 _aEducar es transmitir la sabiduría: El reto de la Universidad en formar para la vida y el desarrollo
300 _aVol.0, núm.2 ( , 2005), Páginas 42-50
500 _aEl autor destaca la importancia de mantener el equilibrio de la transmisión de la sabiduría que sale de la ciencia, y la sabiduría que proviene de la filosofía y la espiritualidad.
520 _aLa universidad y la verdad Educación superior y verdadera sabiduría Profesionales en la cultura de la desconfianza, +Profesionales sabios o monstruos educados?,Formar para el trabajo y para la vida, Formar líderes, pero sabios,La sabiduría está personificada
650 1 4 _aEDUCACIÓN SUPERIOR-SABIDURÍA
942 _cANA
999 _c62569
_d62569